| 000 | 00450nmm a2200169Ia 4500 | ||
|---|---|---|---|
| 008 | 251105s9999||||xx |||||||||||||||||und|| | ||
| 020 | _a9788468703978 | ||
| 041 | _aspa | ||
| 100 | _aThayer, Patricia | ||
| 245 | 0 | _aUn amor imposible | |
| 264 |
_a[Madrid, España] : _bHarlequin, _c2012 |
||
| 300 | _a192 páginas | ||
| 490 | _a'Puntadas de amor' | ||
| 650 | _aRomance | ||
| 856 | _uhttps://public.digitaliapublishing.com/a/50313 | ||
| 942 | _cCF | ||
| 999 |
_c83870 _d83870 |
||